Medzinárodné právo súkromné pre ekonómov
Enregistré dans:
| Auteur principal: | |
|---|---|
| Collectivité auteur: | |
| Autres auteurs: | , , |
| Format: | Livre |
| Langue: | slovaque |
| Publié: |
Bratislava
Vydavateľstvo EKONÓM
2025
|
| Édition: | 1. vydanie |
| Sujets: | |
| Tags: |
Pas de tags, Soyez le premier à ajouter un tag!
|
MARC
| LEADER | 00000nam a2200000 4500 | ||
|---|---|---|---|
| 001 | 0314274 | ||
| 005 | 20260304103535.0 | ||
| 020 | |a 978-80-225-5300-1 | ||
| 041 | 0 | |a slo | |
| 044 | |a SK | ||
| 245 | 1 | 0 | |a Medzinárodné právo súkromné pre ekonómov |c Matúš Radosa, Šimon Bleho ; recenzenti: Matej Horvat, Kristína Slámková |
| 250 | |a 1. vydanie | ||
| 264 | 1 | |a Bratislava |b Vydavateľstvo EKONÓM |c 2025 | |
| 300 | |a 98 s. [4,47 AH] | ||
| 610 | 2 | 0 | |a právo súkromné medzinárodné |
| 610 | 2 | 0 | |a ekonómovia |
| 610 | 2 | 0 | |a pojmy |
| 610 | 2 | 0 | |a zmluvy medzinárodné |
| 610 | 2 | 0 | |a organizácie medzinárodné |
| 610 | 2 | 0 | |a dohody medzinárodné |
| 610 | 2 | 0 | |a vzťahy obchodné |
| 610 | 2 | 0 | |a dokumenty |
| 100 | 1 | |a Radosa, Matúš, 1991- | |
| 700 | 1 | |a Bleho, Šimon, 1996- | |
| 700 | 1 | |a Horvat, Matej | |
| 700 | 1 | |a Slámková, Kristína | |
| 710 | 2 | |a Ekonomická univerzita v Bratislave. Obchodná fakulta | |